000 00780nam a2200265 a 4500
005 20180803165041.0
008 140307b2000 wau||||| |||| 00| 0 eng d
041 _aeng
044 _axxu
090 _aLB
_b02684
100 _aAgosti, Donat
_917769
245 _aAnts
_bstandard methods for measuring and monitoring biodiversity
260 _aWashington
_bSmithsonian Institution Press
_c2000
300 _a280 p.
650 _aEcología
_992250
650 _aInsectos
_917771
650 _aHormigas
_917772
650 _aBiodiversidad
_992204
650 _aEspecies indicadoras
_94132
650 _aColecciones biológicas
_94146
700 _aMajer, Jonathan D.
_917774
700 _aAlonso, Leeanne E.
_917775
700 _aSchultz, Ted R.
_917776
942 _cImpreso
_2z
999 _c2910
_d2910